| 000 | 00525nam a2200121 4500 | ||
|---|---|---|---|
| 001 | 13450 | ||
| 007 | tu | ||
| 008 | s1850||||||| ger | ||
| 245 | 0 | 0 |
_aCodex nundinarius Germaniae literatae bisecularis _bMess-Jahrbücher des Deutschen Buchhandels ; von dem Erscheinen des ersten Mess-Kataloges im Jahre 1564 bis zu der Gründung des ersten Buchhändler-Vereins im Jahre 1765 _cMit einer Einleitung von Gustav Schwetschke |
| 264 |
_aHalle _bG. Schwetschke's Verl.handlg. _c1850 |
||
| 365 | _c€ | ||
| 546 | _adeutsch | ||
| 999 |
_c74031 _d74031 |
||